[Event "DEM U10 2025"]
[Site "Willingen GER"]
[Date "2025.06.10"]
[Round "4"]
[White "Zentgraf, Raphael"]
[Black "Kindermann, Justus"]
[Result "0-1"]
[Termination "normal"]
[Board "25"]
[WhiteElo "1660"]
[BlackElo "1635"]
[WhiteClock "01:00:06"]
[BlackClock "00:29:38"]
[PlyCount "104"]
[WhiteFideId "34684166"]
[BlackFideId "34678840"]
[EventCountry "GER"]
[EventRounds "9"]
[EventType "swiss"]
[EventDate "2025.06.07"]

1. d4 {[%clk 01:30:01]} {[%emt 00:00:58]} Nf6 {[%clk 01:30:51]} {[%emt
00:00:10]} 2. Nf3 {[%clk 01:29:28]} {[%emt 00:01:03]} e6 {[%clk 01:30:25]}
{[%emt 00:00:56]} 3. c3 {[%clk 01:29:00]} {[%emt 00:00:58]} d5 {[%clk
01:30:23]} {[%emt 00:00:32]} 4. Bf4 {[%clk 01:28:44]} {[%emt 00:00:45]} c5
{[%clk 01:27:05]} {[%emt 00:03:49]} 5. e3 {[%clk 01:27:00]} {[%emt 00:02:13]}
Nc6 {[%clk 01:26:42]} {[%emt 00:00:54]} 6. Nbd2 {[%clk 01:25:30]} {[%emt
00:02:01]} cxd4 {[%clk 01:24:39]} {[%emt 00:02:33]} 7. exd4 {[%clk 01:23:41]}
{[%emt 00:02:18]} Nh5 {[%clk 01:22:30]} {[%emt 00:02:38]} 8. Bg3 {[%clk
01:21:51]} {[%emt 00:02:22]} Nxg3 {[%clk 01:22:44]} {[%emt 00:00:17]} 9. hxg3
{[%clk 01:22:08]} {[%emt 00:00:12]} Bd6 {[%clk 01:22:41]} {[%emt 00:00:34]} 10.
Bd3 {[%clk 01:21:18]} {[%emt 00:01:19]} h6 {[%clk 01:18:08]} {[%emt 00:05:03]}
11. Qe2 {[%clk 01:19:48]} {[%emt 00:02:00]} Qb6 {[%clk 01:17:21]} {[%emt
00:01:17]} 12. Nb3 {[%clk 01:18:47]} {[%emt 00:01:31]} Bd7 {[%clk 01:15:53]}
{[%emt 00:01:57]} 13. Qc2 {[%clk 01:17:49]} {[%emt 00:01:29]} O-O-O {[%clk
01:13:58]} {[%emt 00:02:25]} 14. O-O-O {[%clk 01:10:49]} {[%emt 00:07:30]} Kb8
{[%clk 01:11:48]} {[%emt 00:02:38]} 15. Kb1 {[%clk 01:08:27]} {[%emt 00:02:53]}
Rc8 {[%clk 01:09:36]} {[%emt 00:02:40]} 16. Qd2 {[%clk 01:07:33]} {[%emt
00:01:26]} e5 {[%clk 01:05:39]} {[%emt 00:04:24]} 17. dxe5 {[%emt 00:07:52]}
Nxe5 {[%clk 01:02:04]} {[%emt 00:00:05]} 18. Nxe5 {[%clk 01:01:28]} {[%emt
00:00:55]} Bxe5 {[%clk 01:02:28]} {[%emt 00:02:27]} 19. f4 {[%clk 01:01:10]}
{[%emt 00:00:49]} Bf6 {[%emt 00:02:38]} 20. Bc2 {[%clk 01:00:30]} {[%emt
00:01:07]} Be6 {[%emt 00:00:26]} 21. f5 {[%clk 01:00:47]} {[%emt 00:00:11]} Bg5
{[%clk 01:00:12]} {[%emt 00:00:48]} 22. Qd3 {[%clk 01:00:28]} {[%emt 00:00:43]}
Bd7 {[%clk 00:39:02]} {[%emt 00:21:46]} 23. Qxd5 {[%emt 00:09:08]} Be8 {[%clk
00:31:08]} {[%emt 00:01:29]} 24. Qe5+ {[%clk 00:44:00]} {[%emt 00:15:12]} Ka8
{[%clk 00:20:54]} {[%emt 00:10:35]} 25. Rd6 {[%clk 00:41:02]} {[%emt 00:03:39]}
Bf6 {[%clk 00:19:10]} {[%emt 00:02:14]} 26. Qd5 {[%clk 00:39:10]} {[%emt
00:02:22]} Qc7 {[%clk 00:14:10]} {[%emt 00:05:27]} 27. Qd2 {[%clk 00:37:43]}
{[%emt 00:02:01]} Be5 {[%emt 00:01:12]} 28. Rd3 {[%emt 00:00:41]} Bxg3 {[%emt
00:00:37]} 29. Rd1 {[%clk 00:35:16]} {[%emt 00:02:07]} Bf4 {[%emt 00:01:15]}
30. Qf2 {[%clk 00:34:45]} {[%emt 00:00:51]} Bb5 {[%clk 00:12:41]} {[%emt
00:01:03]} 31. Rd5 {[%clk 00:34:16]} {[%emt 00:01:09]} Bc6 {[%clk 00:11:32]}
{[%emt 00:01:35]} 32. R5d4 {[%clk 00:33:25]} {[%emt 00:01:26]} Be5 {[%clk
00:10:01]} {[%emt 00:01:59]} 33. Rc4 {[%clk 00:31:46]} {[%emt 00:02:11]} Qe7
{[%clk 00:08:34]} {[%emt 00:01:50]} 34. Re1 {[%clk 00:31:31]} {[%emt 00:00:44]}
Qf6 {[%clk 00:08:23]} {[%emt 00:00:40]} 35. Rc5 {[%clk 00:31:39]} {[%emt
00:00:30]} Rhe8 {[%clk 00:06:48]} {[%emt 00:02:04]} 36. Ra5 {[%clk 00:31:49]}
{[%emt 00:00:22]} Bb8 {[%clk 00:06:38]} {[%emt 00:00:38]} 37. Nd4 {[%clk
00:31:09]} {[%emt 00:01:12]} Rxe1+ {[%clk 00:06:53]} {[%emt 00:00:14]} 38. Qxe1
{[%clk 00:31:30]} {[%emt 00:00:10]} Bxg2 {[%clk 00:04:34]} {[%emt 00:02:49]}
39. Be4 {[%clk 00:31:03]} {[%emt 00:00:57]} Bxe4+ {[%clk 00:04:46]} {[%emt
00:00:18]} 40. Qxe4 {[%clk 00:31:10]} {[%emt 00:00:24]} Qg5 {[%clk 00:03:55]}
{[%emt 00:01:15]} 41. Rb5 {[%clk 00:30:45]} {[%emt 00:01:02]} Qg1+ {[%emt
00:00:21]} 42. Kc2 {[%clk 00:31:08]} {[%emt 00:00:05]} Qf2+ {[%clk 00:04:13]}
{[%emt 00:00:21]} 43. Kb3 {[%clk 00:31:30]} {[%emt 00:00:08]} Rc7 {[%clk
00:03:22]} {[%emt 00:01:14]} 44. Rb4 {[%clk 00:31:28]} {[%emt 00:00:40]} Qd2
{[%clk 00:00:57]} {[%emt 00:02:46]} 45. Nb5 {[%clk 00:29:42]} {[%emt 00:02:26]}
Qd1+ {[%clk 00:00:31]} {[%emt 00:00:55]} 46. Ka3 {[%clk 00:29:44]} {[%emt
00:00:29]} Rc6 {[%clk 00:29:29]} {[%emt 00:01:31]} 47. Ra4 {[%clk 00:59:50]}
{[%emt 00:00:26]} Bd6+ {[%clk 00:28:25]} {[%emt 00:01:30]} 48. Nxd6 {[%clk
00:59:23]} {[%emt 00:00:51]} Qxd6+ {[%clk 00:28:53]} {[%emt 00:00:11]} 49. b4
{[%clk 00:59:26]} {[%emt 00:00:19]} Rxc3+ {[%emt 00:00:55]} 50. Kb2 {[%clk
00:59:34]} {[%emt 00:00:19]} Qd2+ {[%clk 00:29:00]} {[%emt 00:00:09]} 51. Ka1
{[%clk 00:59:42]} {[%emt 00:00:22]} Rc1+ {[%clk 00:29:15]} {[%emt 00:00:15]}
52. Qb1 {[%clk 01:00:06]} {[%emt 00:00:05]} Qc3# {[%clk 00:29:38]} {[%emt
00:00:06]} 0-1

[Event "DEM U10 2025"]
[Site "Willingen GER"]
[Date "2025.06.10"]
[Round "4"]
[White "Chanishvili, Noa"]
[Black "Rössling, Johannes"]
[Result "1-0"]
[Termination "normal"]
[Board "26"]
[WhiteElo "1552"]
[BlackElo "1637"]
[WhiteClock "00:55:13"]
[BlackClock "00:17:14"]
[PlyCount "101"]
[WhiteFideId "34698264"]
[BlackFideId "34642773"]
[EventCountry "GER"]
[EventRounds "9"]
[EventType "swiss"]
[EventDate "2025.06.07"]

1. e4 {[%clk 01:30:58]} {[%emt 00:00:02]} e5 {[%clk 01:30:57]} {[%emt
00:00:04]} 2. Nf3 {[%clk 01:31:09]} {[%emt 00:00:18]} Nc6 {[%clk 01:31:17]}
{[%emt 00:00:09]} 3. d4 {[%clk 01:31:16]} {[%emt 00:00:24]} exd4 {[%clk
01:31:39]} {[%emt 00:00:09]} 4. Bc4 {[%clk 01:31:28]} {[%emt 00:00:17]} Bc5
{[%clk 01:30:53]} {[%emt 00:01:16]} 5. c3 {[%clk 01:31:08]} {[%emt 00:00:50]}
Nf6 {[%clk 01:31:10]} {[%emt 00:00:13]} 6. cxd4 {[%clk 01:30:15]} {[%emt
00:01:23]} Bb4+ {[%clk 01:31:31]} {[%emt 00:00:08]} 7. Bd2 {[%clk 01:29:28]}
{[%emt 00:01:19]} Bxd2+ {[%clk 01:31:51]} {[%emt 00:00:10]} 8. Nbxd2 {[%clk
01:29:16]} {[%emt 00:00:42]} d5 {[%clk 01:31:35]} {[%emt 00:00:46]} 9. exd5
{[%clk 01:28:58]} {[%emt 00:00:48]} Nxd5 {[%clk 01:31:45]} {[%emt 00:00:21]}
10. O-O {[%clk 01:27:50]} {[%emt 00:01:37]} O-O {[%clk 01:32:05]} {[%emt
00:00:10]} 11. Nb3 {[%clk 01:22:17]} {[%emt 00:06:02]} Be6 {[%clk 01:24:49]}
{[%emt 00:07:47]} 12. Rc1 {[%clk 01:17:53]} {[%emt 00:04:55]} Qf6 {[%clk
01:17:37]} {[%emt 00:07:38]} 13. Nc5 {[%clk 01:13:36]} {[%emt 00:04:51]} Qg6
{[%clk 01:13:25]} {[%emt 00:04:42]} 14. Bd3 {[%clk 01:09:44]} {[%emt 00:04:21]}
Qf6 {[%clk 01:09:19]} {[%emt 00:04:35]} 15. Re1 {[%clk 01:05:36]} {[%emt
00:04:39]} Rfe8 {[%clk 01:00:28]} {[%emt 00:09:20]} 16. a3 {[%clk 01:03:06]}
{[%emt 00:03:01]} Kh8 {[%clk 00:56:10]} {[%emt 00:04:48]} 17. Bb5 {[%clk
00:58:14]} {[%emt 00:05:22]} Nf4 {[%clk 00:43:03]} {[%emt 00:13:37]} 18. Nxb7
{[%clk 00:55:46]} {[%emt 00:02:58]} Bd5 {[%clk 00:41:33]} {[%emt 00:02:01]} 19.
Na5 {[%clk 00:52:09]} {[%emt 00:04:06]} Rxe1+ {[%clk 00:39:19]} {[%emt
00:02:44]} 20. Nxe1 {[%clk 00:52:03]} {[%emt 00:00:35]} Nxd4 {[%clk 00:25:05]}
{[%emt 00:14:45]} 21. Bf1 {[%clk 00:51:16]} {[%emt 00:01:17]} Qg6 {[%clk
00:23:31]} {[%emt 00:02:04]} 22. Qxd4 {[%clk 00:50:22]} {[%emt 00:01:24]} Qg5
{[%clk 00:21:52]} {[%emt 00:02:09]} 23. Rc3 {[%clk 00:49:44]} {[%emt 00:01:07]}
Re8 {[%clk 00:21:18]} {[%emt 00:01:03]} 24. Re3 {[%clk 00:48:30]} {[%emt
00:01:45]} Nh3+ {[%clk 00:16:34]} {[%emt 00:05:13]} 25. Rxh3 {[%clk 00:47:44]}
{[%emt 00:01:16]} Rxe1 {[%clk 00:16:55]} {[%emt 00:00:10]} 26. Rg3 {[%clk
00:47:35]} {[%emt 00:00:39]} Rxf1+ {[%clk 00:14:27]} {[%emt 00:02:58]} 27. Kxf1
{[%clk 00:47:47]} {[%emt 00:00:19]} Qc1+ {[%clk 00:14:55]} {[%emt 00:00:02]}
28. Ke2 {[%clk 00:47:58]} {[%emt 00:00:19]} Qc2+ {[%clk 00:15:06]} {[%emt
00:00:17]} 29. Qd2 {[%clk 00:48:16]} {[%emt 00:00:13]} Qe4+ {[%clk 00:15:23]}
{[%emt 00:00:14]} 30. Re3 {[%clk 00:48:07]} {[%emt 00:00:40]} Bc4+ {[%clk
00:15:06]} {[%emt 00:00:47]} 31. Nxc4 {[%clk 00:48:24]} {[%emt 00:00:12]} Qxc4+
{[%clk 00:15:26]} {[%emt 00:00:10]} 32. Ke1 {[%emt 00:01:54]} h6 {[%clk
00:14:10]} {[%emt 00:00:18]} 33. Qd8+ {[%clk 00:48:52]} {[%emt 00:00:07]} Kh7
{[%clk 00:14:31]} {[%emt 00:00:09]} 34. Qd3+ {[%clk 00:49:18]} {[%emt
00:00:04]} Qxd3 {[%clk 00:14:24]} {[%emt 00:00:37]} 35. Rxd3 {[%clk 00:49:46]}
{[%emt 00:00:02]} c6 {[%clk 00:14:44]} {[%emt 00:00:10]} 36. Rc3 {[%clk
00:50:08]} {[%emt 00:00:08]} f6 {[%clk 00:15:01]} {[%emt 00:00:13]} 37. Rxc6
{[%clk 00:50:32]} {[%emt 00:00:05]} Kg6 {[%clk 00:15:08]} {[%emt 00:00:23]} 38.
Ra6 {[%clk 00:50:57]} {[%emt 00:00:06]} Kg5 {[%clk 00:15:31]} {[%emt 00:00:07]}
39. Rxa7 {[%clk 00:51:20]} {[%emt 00:00:07]} g6 {[%clk 00:15:56]} {[%emt
00:00:05]} 40. b4 {[%clk 00:51:40]} {[%emt 00:00:11]} Kf5 {[%clk 00:15:46]}
{[%emt 00:00:39]} 41. Re7 {[%clk 00:51:58]} {[%emt 00:00:12]} h5 {[%clk
00:16:06]} {[%emt 00:00:10]} 42. b5 {[%clk 00:52:21]} {[%emt 00:00:06]} g5
{[%clk 00:16:25]} {[%emt 00:00:09]} 43. b6 {[%clk 00:52:43]} {[%emt 00:00:10]}
h4 {[%clk 00:16:48]} {[%emt 00:00:07]} 44. b7 {[%clk 00:53:07]} {[%emt
00:00:07]} Kg4 {[%clk 00:17:09]} {[%emt 00:00:08]} 45. b8=Q {[%clk 00:53:22]}
{[%emt 00:00:12]} f5 {[%clk 00:17:34]} {[%emt 00:00:09]} 46. Qb4+ {[%clk
00:53:37]} {[%emt 00:00:14]} f4 {[%clk 00:17:55]} {[%emt 00:00:10]} 47. h3+
{[%clk 00:54:00]} {[%emt 00:00:07]} Kf5 {[%clk 00:16:41]} {[%emt 00:01:44]} 48.
Qe4+ {[%clk 00:54:12]} {[%emt 00:00:18]} Kf6 {[%clk 00:16:55]} {[%emt
00:00:17]} 49. Qe5+ {[%clk 00:54:31]} {[%emt 00:00:10]} Kg6 {[%clk 00:17:16]}
{[%emt 00:00:09]} 50. Rg7+ {[%clk 00:54:51]} {[%emt 00:00:10]} Kh6 {[%clk
00:17:14]} {[%emt 00:00:31]} 51. Qxg5# {[%clk 00:55:13]} {[%emt 00:00:09]} 1-0

[Event "DEM U10 2025"]
[Site "Willingen GER"]
[Date "2025.06.10"]
[Round "4"]
[White "Peterson, James"]
[Black "Schimming, Wilhelm"]
[Result "1-0"]
[Termination "normal"]
[Board "27"]
[WhiteElo "1338"]
[BlackElo "1639"]
[WhiteClock "00:33:06"]
[BlackClock "01:05:11"]
[PlyCount "87"]
[WhiteFideId "34692452"]
[BlackFideId "34662030"]
[EventCountry "GER"]
[EventRounds "9"]
[EventType "swiss"]
[EventDate "2025.06.07"]

1. Nf3 {[%clk 01:30:48]} {[%emt 00:00:12]} Nf6 {[%clk 01:30:39]} {[%emt
00:00:21]} 2. g3 {[%clk 01:30:52]} {[%emt 00:00:27]} d5 {[%clk 01:29:31]}
{[%emt 00:01:38]} 3. d4 {[%clk 01:31:05]} {[%emt 00:00:17]} Bf5 {[%clk
01:28:42]} {[%emt 00:01:19]} 4. Bg2 {[%clk 01:30:06]} {[%emt 00:01:29]} e6
{[%clk 01:27:02]} {[%emt 00:02:11]} 5. O-O {[%clk 01:29:47]} {[%emt 00:00:48]}
Bd6 {[%clk 01:25:48]} {[%emt 00:01:44]} 6. Bg5 {[%clk 01:29:28]} {[%emt
00:00:48]} Nbd7 {[%clk 01:23:36]} {[%emt 00:02:42]} 7. c4 {[%clk 01:27:07]}
{[%emt 00:02:51]} c6 {[%clk 01:22:57]} {[%emt 00:01:09]} 8. Nc3 {[%clk
01:27:02]} {[%emt 00:00:35]} h6 {[%clk 01:23:18]} {[%emt 00:00:09]} 9. Bxf6
{[%clk 01:26:53]} {[%emt 00:00:39]} Nxf6 {[%clk 01:23:37]} {[%emt 00:00:12]}
10. Nd2 {[%clk 01:22:57]} {[%emt 00:04:25]} O-O {[%clk 01:23:45]} {[%emt
00:00:22]} 11. e4 {[%clk 01:23:13]} {[%emt 00:00:14]} dxe4 {[%clk 01:23:58]}
{[%emt 00:00:18]} 12. Ndxe4 {[%clk 01:23:23]} {[%emt 00:00:19]} Nxe4 {[%clk
01:24:20]} {[%emt 00:00:08]} 13. Nxe4 {[%clk 01:23:47]} {[%emt 00:00:07]} Bxe4
{[%clk 01:24:46]} {[%emt 00:00:04]} 14. Bxe4 {[%clk 01:24:10]} {[%emt
00:00:06]} Qc7 {[%clk 01:23:54]} {[%emt 00:01:22]} 15. c5 {[%clk 01:23:16]}
{[%emt 00:01:24]} Be7 {[%clk 01:24:11]} {[%emt 00:00:14]} 16. b4 {[%emt
00:05:13]} Rfd8 {[%clk 01:24:28]} 17. Rc1 {[%clk 01:11:23]} {[%emt 00:07:53]}
e5 {[%clk 01:24:34]} {[%emt 00:00:23]} 18. d5 {[%clk 01:11:19]} {[%emt
00:00:34]} cxd5 {[%clk 01:24:42]} {[%emt 00:00:21]} 19. Bxd5 {[%clk 01:11:43]}
{[%emt 00:00:06]} Rd7 {[%clk 01:24:26]} {[%emt 00:00:47]} 20. Qf3 {[%clk
01:11:50]} {[%emt 00:00:23]} Bg5 {[%clk 01:24:41]} {[%emt 00:00:15]} 21. Rc2
{[%clk 01:11:28]} {[%emt 00:00:52]} a5 {[%clk 01:24:51]} {[%emt 00:00:21]} 22.
c6 {[%clk 01:11:17]} {[%emt 00:00:40]} bxc6 {[%clk 01:24:39]} {[%emt 00:00:43]}
23. Bxc6 {[%clk 01:11:37]} {[%emt 00:00:09]} Rad8 {[%clk 01:24:50]} {[%emt
00:00:18]} 24. b5 {[%clk 01:08:51]} {[%emt 00:03:17]} Rd2 {[%clk 01:24:40]}
{[%emt 00:00:39]} 25. Rxd2 {[%clk 01:04:51]} {[%emt 00:04:30]} Rxd2 {[%clk
01:24:46]} {[%emt 00:00:25]} 26. Qb3 {[%clk 01:02:10]} {[%emt 00:03:10]} Qb6
{[%clk 01:21:25]} {[%emt 00:03:52]} 27. Qf3 {[%clk 00:52:59]} {[%emt 00:09:37]}
Qc7 {[%clk 01:08:23]} {[%emt 00:13:35]} 28. Rb1 {[%clk 00:45:22]} {[%emt
00:08:07]} Rc2 {[%clk 01:08:22]} {[%emt 00:00:31]} 29. b6 {[%clk 00:43:24]}
{[%emt 00:02:28]} Qc8 {[%clk 01:07:34]} {[%emt 00:01:18]} 30. b7 {[%clk
00:43:20]} {[%emt 00:00:34]} Qb8 {[%clk 01:07:51]} {[%emt 00:00:12]} 31. Qd5
{[%clk 00:42:14]} {[%emt 00:01:36]} Bd8 {[%clk 01:06:58]} {[%emt 00:01:22]} 32.
Qd7 {[%clk 00:41:53]} {[%emt 00:00:52]} g6 {[%clk 01:04:31]} {[%emt 00:02:57]}
33. Qc8 {[%clk 00:42:11]} {[%emt 00:00:12]} Qa7 {[%clk 01:04:53]} {[%emt
00:00:09]} 34. Qxd8+ {[%clk 00:42:14]} {[%emt 00:00:26]} Kg7 {[%clk 01:05:19]}
{[%emt 00:00:04]} 35. Rf1 {[%clk 00:40:37]} {[%emt 00:02:06]} Rb2 {[%clk
01:05:26]} {[%emt 00:00:24]} 36. Qe7 {[%clk 00:39:59]} {[%emt 00:01:07]} Qd4
{[%clk 01:05:14]} {[%emt 00:00:44]} 37. Qc7 {[%clk 00:39:40]} {[%emt 00:00:47]}
Qb6 {[%clk 01:03:15]} {[%emt 00:02:30]} 38. Qxe5+ {[%clk 00:39:34]} {[%emt
00:00:35]} Kh7 {[%clk 01:03:36]} {[%emt 00:00:10]} 39. Qf6 {[%clk 00:34:45]}
{[%emt 00:05:17]} Kg8 {[%clk 01:03:50]} {[%emt 00:00:18]} 40. Re1 {[%clk
00:33:50]} {[%emt 00:01:25]} Rb1 {[%clk 01:04:06]} {[%emt 00:00:15]} 41. Rxb1
{[%clk 00:34:05]} {[%emt 00:00:14]} Qxb1+ {[%clk 01:04:28]} {[%emt 00:00:08]}
42. Kg2 {[%clk 00:34:30]} {[%emt 00:00:04]} Qb6 {[%clk 01:04:51]} {[%emt
00:00:09]} 43. Qf3 {[%clk 00:33:13]} {[%emt 00:01:44]} Qc7 {[%clk 01:05:11]}
{[%emt 00:00:12]} 44. Qd5 {[%clk 00:33:06]} {[%emt 00:00:35]} 1-0

[Event "DEM U10 2025"]
[Site "Willingen GER"]
[Date "2025.06.10"]
[Round "4"]
[White "Hübner, Jakob"]
[Black "Brucker, Oscar"]
[Result "1-0"]
[Termination "normal"]
[Board "28"]
[WhiteElo "1314"]
[BlackElo "1795"]
[WhiteClock "01:18:01"]
[BlackClock "01:16:22"]
[PlyCount "57"]
[WhiteFideId "34684107"]
[BlackFideId "533026432"]
[EventCountry "GER"]
[EventRounds "9"]
[EventType "swiss"]
[EventDate "2025.06.07"]

1. d4 {[%clk 01:30:57]} {[%emt 00:00:02]} Nf6 {[%emt 00:00:10]} 2. Nf3 {[%clk
01:31:22]} {[%emt 00:00:03]} g6 {[%clk 01:31:06]} {[%emt 00:00:16]} 3. Bf4
{[%clk 01:31:43]} {[%emt 00:00:08]} Bg7 {[%clk 01:31:17]} {[%emt 00:00:19]} 4.
h3 {[%clk 01:32:07]} {[%emt 00:00:06]} O-O {[%clk 01:31:31]} {[%emt 00:00:18]}
5. Nbd2 {[%clk 01:32:32]} {[%emt 00:00:04]} d6 {[%clk 01:30:52]} {[%emt
00:01:09]} 6. e4 {[%clk 01:32:56]} {[%emt 00:00:06]} Nbd7 {[%clk 01:30:33]}
{[%emt 00:00:49]} 7. Bc4 {[%clk 01:33:19]} {[%emt 00:00:07]} Re8 {[%clk
01:30:30]} {[%emt 00:00:33]} 8. Bxf7+ {[%clk 01:33:39]} {[%emt 00:00:09]} Kh8
{[%clk 01:29:03]} {[%emt 00:01:59]} 9. Bxe8 {[%clk 01:33:57]} {[%emt 00:00:12]}
Qxe8 {[%clk 01:29:28]} {[%emt 00:00:05]} 10. e5 {[%clk 01:33:51]} {[%emt
00:00:36]} Nd5 {[%clk 01:25:55]} {[%emt 00:03:38]} 11. Bh2 b6 {[%clk 01:25:26]}
{[%emt 00:01:52]} 12. O-O Bb7 {[%emt 00:01:28]} 13. a3 {[%emt 00:01:00]} Qf7
{[%emt 00:00:11]} 14. c4 {[%emt 00:00:45]} Nf4 {[%clk 01:24:41]} 15. exd6
{[%clk 01:32:17]} {[%emt 00:02:26]} exd6 {[%clk 01:24:13]} {[%emt 00:00:58]}
16. Ng5 {[%clk 01:29:27]} {[%emt 00:03:20]} Qf5 {[%clk 01:22:01]} {[%emt
00:02:42]} 17. Bxf4 {[%clk 01:28:47]} {[%emt 00:01:09]} Qxf4 {[%clk 01:22:24]}
{[%emt 00:00:07]} 18. Ne6 {[%clk 01:28:41]} {[%emt 00:00:36]} Qh4 {[%clk
01:22:13]} {[%emt 00:00:41]} 19. Nxc7 {[%clk 01:28:19]} {[%emt 00:00:52]} Rc8
{[%clk 01:22:24]} {[%emt 00:00:19]} 20. Ne6 {[%clk 01:27:58]} {[%emt 00:00:50]}
Bh6 {[%clk 01:19:08]} {[%emt 00:03:46]} 21. b3 {[%clk 01:23:23]} {[%emt
00:05:06]} Bxd2 {[%clk 01:19:05]} {[%emt 00:00:33]} 22. Qxd2 {[%clk 01:23:40]}
{[%emt 00:00:12]} Qe4 {[%clk 01:19:25]} {[%emt 00:00:10]} 23. d5 {[%clk
01:23:27]} {[%emt 00:00:43]} Re8 {[%clk 01:19:51]} {[%emt 00:00:04]} 24. Rfe1
{[%clk 01:22:53]} {[%emt 00:01:04]} Qf5 {[%clk 01:18:09]} {[%emt 00:02:11]} 25.
Nd4 {[%clk 01:20:23]} {[%emt 00:03:02]} Rxe1+ {[%clk 01:17:56]} {[%emt
00:00:42]} 26. Rxe1 {[%clk 01:20:40]} {[%emt 00:00:13]} Qf6 {[%clk 01:17:49]}
{[%emt 00:00:38]} 27. Qe2 {[%clk 01:18:45]} {[%emt 00:02:24]} Nf8 {[%clk
01:16:32]} {[%emt 00:01:49]} 28. Qe7 {[%clk 01:17:43]} {[%emt 00:01:12]} Kg8
{[%clk 01:16:22]} {[%emt 00:00:59]} 29. Qxf6 {[%clk 01:18:01]} {[%emt
00:00:13]} 1-0

[Event "DEM U10 2025"]
[Site "Willingen GER"]
[Date "2025.06.10"]
[Round "4"]
[White "Schubert, Anton"]
[Black "Al Luwaisi, Taim"]
[Result "0-1"]
[Termination "normal"]
[Board "29"]
[WhiteElo "1039"]
[BlackElo "1694"]
[WhiteClock "00:13:57"]
[BlackClock "00:39:14"]
[PlyCount "86"]
[WhiteFideId "533043523"]
[BlackFideId "34645896"]
[EventCountry "GER"]
[EventRounds "9"]
[EventType "swiss"]
[EventDate "2025.06.07"]

1. e4 {[%clk 01:30:58]} c6 {[%clk 01:30:55]} {[%emt 00:00:06]} 2. d4 {[%clk
01:31:01]} {[%emt 00:00:26]} d5 {[%clk 01:31:21]} {[%emt 00:00:05]} 3. exd5
{[%clk 01:30:57]} {[%emt 00:00:34]} cxd5 {[%clk 01:31:19]} {[%emt 00:00:32]} 4.
Bd3 {[%clk 01:30:47]} {[%emt 00:00:40]} Nc6 {[%clk 01:31:42]} {[%emt 00:00:07]}
5. c3 {[%clk 01:30:40]} {[%emt 00:00:37]} Nf6 {[%clk 01:31:54]} {[%emt
00:00:18]} 6. h3 {[%clk 01:30:27]} {[%emt 00:00:44]} e6 {[%clk 01:31:43]}
{[%emt 00:00:41]} 7. Nf3 {[%clk 01:29:51]} {[%emt 00:01:06]} Bd6 {[%clk
01:32:03]} {[%emt 00:00:10]} 8. O-O {[%clk 01:29:18]} {[%emt 00:01:02]} O-O
{[%clk 01:31:53]} {[%emt 00:00:41]} 9. Bg5 {[%clk 01:29:05]} {[%emt 00:00:41]}
h6 {[%clk 01:32:02]} {[%emt 00:00:22]} 10. Be3 {[%clk 01:27:32]} {[%emt
00:02:03]} Bd7 {[%clk 01:26:35]} {[%emt 00:05:59]} 11. Nbd2 {[%clk 01:19:33]}
{[%emt 00:08:26]} Qe7 {[%clk 01:26:32]} {[%emt 00:00:35]} 12. Re1 {[%clk
01:16:43]} {[%emt 00:03:21]} Rab8 {[%clk 01:25:36]} {[%emt 00:01:26]} 13. Nf1
{[%clk 01:15:20]} {[%emt 00:01:52]} Ne4 {[%clk 01:18:26]} {[%emt 00:07:40]} 14.
N1h2 {[%clk 01:13:23]} {[%emt 00:02:26]} f5 {[%clk 00:54:34]} {[%emt 00:24:23]}
15. Nd2 {[%clk 00:56:11]} {[%emt 00:17:41]} f4 {[%clk 00:53:51]} {[%emt
00:01:14]} 16. Nxe4 {[%clk 00:53:27]} {[%emt 00:03:13]} dxe4 {[%clk 00:52:24]}
{[%emt 00:01:58]} 17. Bxe4 {[%clk 00:51:01]} {[%emt 00:02:56]} fxe3 {[%clk
00:52:45]} {[%emt 00:00:09]} 18. Rxe3 {[%emt 00:01:45]} Bxh2+ {[%clk 00:52:21]}
19. Kxh2 {[%clk 00:50:56]} {[%emt 00:00:13]} Rxf2 {[%clk 00:52:48]} {[%emt
00:00:04]} 20. Qb1 {[%clk 00:45:58]} {[%emt 00:05:28]} Rbf8 {[%clk 00:51:09]}
{[%emt 00:02:08]} 21. Bh7+ {[%clk 00:45:07]} {[%emt 00:01:21]} Kh8 {[%clk
00:51:29]} {[%emt 00:00:11]} 22. d5 {[%clk 00:44:46]} {[%emt 00:00:50]} Qd6+
{[%clk 00:51:05]} {[%emt 00:00:54]} 23. Kg1 {[%clk 00:42:58]} {[%emt 00:02:17]}
exd5 {[%clk 00:49:07]} {[%emt 00:02:30]} 24. Qc2 {[%clk 00:39:19]} {[%emt
00:04:05]} Rxc2 {[%clk 00:49:18]} 25. Bxc2 {[%clk 00:39:31]} {[%emt 00:00:40]}
Qc5 {[%clk 00:49:31]} {[%emt 00:00:17]} 26. Rae1 {[%clk 00:39:25]} {[%emt
00:00:35]} d4 {[%clk 00:49:03]} {[%emt 00:01:00]} 27. Rd3 {[%clk 00:36:04]}
{[%emt 00:03:50]} dxc3+ {[%clk 00:48:36]} {[%emt 00:00:57]} 28. Kh2 {[%clk
00:34:34]} {[%emt 00:01:58]} cxb2 {[%clk 00:48:39]} {[%emt 00:00:29]} 29. Bb1
{[%clk 00:34:29]} {[%emt 00:00:34]} Qf2 {[%clk 00:43:36]} {[%emt 00:05:34]} 30.
Red1 {[%clk 00:31:31]} {[%emt 00:03:27]} Ne5 {[%clk 00:42:39]} {[%emt
00:01:27]} 31. Rd5 {[%clk 00:29:25]} {[%emt 00:02:36]} Bc6 {[%clk 00:42:56]}
{[%emt 00:00:14]} 32. Be4 {[%clk 00:25:24]} {[%emt 00:04:30]} Bxd5 {[%clk
00:42:44]} {[%emt 00:00:42]} 33. Bxd5 {[%clk 00:25:09]} {[%emt 00:00:45]} Nf3+
{[%clk 00:42:41]} {[%emt 00:00:33]} 34. Kh1 {[%clk 00:21:31]} {[%emt 00:04:08]}
Qc2 {[%clk 00:42:17]} {[%emt 00:00:54]} 35. Bxf3 {[%clk 00:17:56]} {[%emt
00:04:05]} Rxf3 {[%clk 00:41:06]} {[%emt 00:01:41]} 36. Rg1 {[%clk 00:17:45]}
{[%emt 00:00:41]} Rf2 {[%clk 00:36:56]} {[%emt 00:04:40]} 37. a4 {[%clk
00:16:37]} {[%emt 00:01:38]} Rxg2 {[%clk 00:37:19]} {[%emt 00:00:07]} 38. Rxg2
{[%clk 00:16:28]} {[%emt 00:00:39]} b1=Q+ {[%clk 00:37:42]} {[%emt 00:00:08]}
39. Kh2 {[%clk 00:16:02]} {[%emt 00:00:54]} Qc7+ {[%clk 00:37:59]} {[%emt
00:00:14]} 40. Rg3 {[%clk 00:15:34]} {[%emt 00:00:58]} Qf1 {[%clk 00:38:24]}
{[%emt 00:00:05]} 41. h4 {[%clk 00:15:07]} {[%emt 00:00:57]} Qf2+ {[%clk
00:38:46]} {[%emt 00:00:09]} 42. Kh1 {[%clk 00:14:34]} {[%emt 00:01:02]} Qc1+
{[%clk 00:39:14]} {[%emt 00:00:02]} 43. Rg1 {[%clk 00:13:57]} {[%emt 00:00:35]}
Qcxg1# {[%clk 00:39:14]} 0-1